00723nam a2200217Ia 4500008004100000020001500041040001800056041000800074100004400082245010300126250001200229260004700241300001800288490004300306504002700349650002800376650002600404650002300430650002800453650002400481130821s1981 sp gr spa  a8420616559 aCo-BoUCMbspa00aspa1 aHernández Gilabert, Migueld1910-194210aPoemas sociales de guerra y de muertecMiguel Hernández ;selección y notas de Leopoldo de Luis a4a. ed. aMadrid (España)bAlianza Editorialc1981 a122 páginas aEl Libro de Bolsillo.v655aLiteratura aIncluye bibliografía04aGuerra en la literatura04aLiteratura española04aLiteratura europea04aMuerte en la literatura04aPoesía española